00610cam a22001931 45000010008000000030004000080050017000120080041000290100017000700350019000870400027001060420012001330820020001451000044001652450067002092600051002763000062003276500027003896006105OSt20230608092618.0770630s1947 enk 000 0 eng  a 47004438  a(OCoLC)3085516 aDLCcTxShAdOCoLCdDLC apremarc a572.967615bHAY1 aHayley, Thomas Theodore Steiger,d1913-14aThe anatomy of Lango religion and groups,cby T. T. S. Hayley. aCambridge [Eng.]bThe University Press,c1947. axi, 207 p.bXII pl., fold. map, diagrs. (1 fold.)c22 cm. 0aLango (African people)